| 000 | 00561nam a2200241Ia 4500 | ||
|---|---|---|---|
| 003 | OSt | ||
| 005 | 20220912152007.0 | ||
| 006 | a|||||r|||| 00| 0 | ||
| 007 | ta | ||
| 008 | 220909b |||||||| |||| 00| 0 eng d | ||
| 024 | _a62384 | ||
| 037 | _cTextual | ||
| 040 |
_aCSL _beng _cCSL |
||
| 041 | _aeng | ||
| 082 | _aL:42:56, J6 | ||
| 100 | _aEdds V M Ed. | ||
| 245 | 0 | _aImmunology and development | |
| 260 | _c1956 | ||
| 300 |
_ap. _ccm. |
||
| 650 | _aBiology | ||
| 942 |
_hL:42:56, J6 _cTEXL _2CC |
||
| 999 |
_c78858 _d78858 |
||